000 01137nam a22001457a 4500
999 _c526403
_d526403
008 240531b ||||| |||| 00| 0 eng d
100 _aSrivastava, Aman
_953649
245 _aThe curious case of Vodafone idea merger: Is it a saga of turbulence or a move towards potence?
260 _aVikapla: The Journal for Decision Makers
300 _a49(1), Jan-Mar, 2024: p.79-82
520 _aThe merger of Vodafone India Ltd. with Idea Cellular Ltd, the biggest in the history of the Indian telecom sector, took more than 18 months to execute from its announcement in January 2017. With a combined market share of 35% and a customer base of 400 million, the merged entity was the Titanic, created to rewrite the trajectory of the telecom sector in India. However, the Vodafone Idea saga has been one of turbulence and unrest. This case examines the background of the merger, the challenges faced by the merged entity, and the future of the merged entity.- Reproduced https://journals.sagepub.com/doi/full/10.1177/02560909241244610
773 _aVikapla: The Journal for Decision Makers
906 _aCOMMUNICATION
942 _cAR